<?xml version="1.0" encoding="UTF-8"?>
<record
    xmlns:xsi="http://www.w3.org/2001/XMLSchema-instance"
    xsi:schemaLocation="http://www.loc.gov/MARC21/slim http://www.loc.gov/standards/marcxml/schema/MARC21slim.xsd"
    xmlns="http://www.loc.gov/MARC21/slim">

  <leader>00538cam1a220016900 4500</leader>
  <controlfield tag="005">20190819094451.0</controlfield>
  <controlfield tag="008">991125                                  </controlfield>
  <datafield tag="020" ind1=" " ind2=" ">
    <subfield code="a">9966469443</subfield>
  </datafield>
  <datafield tag="035" ind1=" " ind2=" ">
    <subfield code="a">(Sirsi) a142065</subfield>
  </datafield>
  <datafield tag="050" ind1=" " ind2="0">
    <subfield code="a">PN1025</subfield>
    <subfield code="b">Get 1996</subfield>
  </datafield>
  <datafield tag="100" ind1="1" ind2=" ">
    <subfield code="a">Gethoi,Wa Mutu</subfield>
    <subfield code="6">A112029.1</subfield>
  </datafield>
  <datafield tag="245" ind1="1" ind2="0">
    <subfield code="a">A chequered serenade to mother Africa /</subfield>
    <subfield code="c">Mutu Wa Gethoi.</subfield>
  </datafield>
  <datafield tag="260" ind1=" " ind2=" ">
    <subfield code="a">Nairobi :</subfield>
    <subfield code="b">East African Educational Publishers,</subfield>
    <subfield code="c">1996 .</subfield>
  </datafield>
  <datafield tag="350" ind1=" " ind2=" ">
    <subfield code="a">25</subfield>
  </datafield>
  <datafield tag="410" ind1="0" ind2="0">
    <subfield code="a">Poets of Africa</subfield>
    <subfield code="6">S18194.1</subfield>
  </datafield>
  <datafield tag="650" ind1=" " ind2="0">
    <subfield code="a">Poetry -- Africa</subfield>
    <subfield code="z">Poetry -- Africa</subfield>
    <subfield code="6">S85144.1</subfield>
  </datafield>
  <datafield tag="999" ind1=" " ind2=" ">
    <subfield code="c">99391</subfield>
    <subfield code="d">99391</subfield>
  </datafield>
</record>
